| 000 | 00746cam a22002534a 4500 | ||
|---|---|---|---|
| 001 | 13089131 | ||
| 005 | 20180228073329.0 | ||
| 008 | 030211s2004 nyu b 001 0 eng | ||
| 010 | _a 2003003502 | ||
| 020 | _a0816049629 (alk. paper) | ||
| 040 |
_aDLC _cDLC _dDLC |
||
| 041 | _aeng | ||
| 042 | _apcc | ||
| 043 | _an-us--- | ||
| 080 | _a370/.973 FRE | ||
| 082 | 0 | 0 |
_a370/.973 FRE _221 |
| 100 | 1 | _a25 | |
| 101 | _aEDU | ||
| 245 | 1 | 0 |
_aEducation reform / _cIan C. Friedman. |
| 504 | _aIncludes bibliographical references (p. 142-193) and index. | ||
| 906 |
_a7 _bcbc _corignew _d1 _eecip _f20 _gy-gencatlg |
||
| 942 |
_2ddc _cBK |
||
| 999 |
_c43710 _d43710 |
||